00282nam a2200109Ia 4500008004100000100002300041245002300064250000800087260005100095300000800146650001800154191201s2004 xx 000 0 und d aKIYOSAKI, Robert T 0aWho Took My Money? a2nd aN.DelhibWarner Business Books, New Yorkc2004 a243 aGeneral Books